Statistics for Australian open men's singles champions by country

Click here to take the quiz!

General Stats

  • This quiz has been taken 73 times
  • The average score is 11 of 14

Answer Stats

HintAnswer% Correct
50Australia
100%
19United States
100%
6Sweden
94%
1Spain
93%
6Switzerland
91%
7Serbia
90%
1France
88%
5United Kingdom
84%
2Germany
81%
2Russia
76%
3Czech republic
73%
2Argentina
69%
2New Zealand
60%
1South Africa
34%

Score Distribution

Percentile by Number Answered

Percent of People with Each Score

Your Score History

You have not taken this quiz